<?xml version="1.0" encoding="UTF-8"?>
<marc:record xmlns:marc="http://www.loc.gov/MARC21/slim">
   <marc:leader>00000nam a2200000 a 4500</marc:leader>
   <marc:datafield ind1="1" ind2=" " tag="100">
      <marc:subfield code="a">Kraus, Susanne</marc:subfield>
      <marc:subfield code="4">aut</marc:subfield>
      <marc:subfield code="e">Verfasser/-in</marc:subfield>
   </marc:datafield>
   <marc:datafield ind1=" " ind2=" " tag="653">
      <marc:subfield code="a">Lombardei</marc:subfield>
   </marc:datafield>
   <marc:datafield ind1="0" ind2="0" tag="245">
      <marc:subfield code="a">Das Flammen Siegel</marc:subfield>
   </marc:datafield>
   <marc:datafield ind1="0" ind2="0" tag="245">
      <marc:subfield code="c">Kraus, Susanne</marc:subfield>
   </marc:datafield>
   <marc:datafield ind1=" " ind2="1" tag="264">
      <marc:subfield code="c">2011</marc:subfield>
   </marc:datafield>
   <marc:datafield ind1="1" ind2=" " tag="490">
      <marc:subfield code="a">Rotrud von Saulheim Serie</marc:subfield>
   </marc:datafield>
   <marc:datafield ind1=" " ind2=" " tag="250">
      <marc:subfield code="a">Lizenzausgabe</marc:subfield>
   </marc:datafield>
   <marc:datafield ind1="1" ind2=" " tag="520">
      <marc:subfield code="a">Lombardei, im Sommer 1159: Mit einem riesigen Heer belagert Kaiser Friedrich I., genannt Barbarossa, die Stadt Crema. In der nahe gelegenen Burg San Bassano bangt Rotrud, die Kammerzofe der Kaiserin, um das Leben ihres Gatten Trushard. Als ein Ritter kaltblütig umgebracht wird, ist Rotrud nicht länger bereit, tatenlos zu warten, während Trushard in höchster Gefahr schwebt. Als Mann verkleidet, schleicht sie sich in das kaiserliche Lager von Crema. Dort werden die Krieger von mysteriösen Plagen und Todesfällen heimgesucht. Sind es himmlische Zeichen, oder hat ein menschlicher Teufel seine Hand im Spiel? Die Spur führt zu einem dunklen Geheimnis, das die Zukunft des Reiches bedroht...&#xD;
&#xD;
Der zweite Fall von Rotrud von Saulheim am Hofstaat Friedrichs I.</marc:subfield>
   </marc:datafield>
   <marc:datafield ind1=" " ind2=" " tag="041">
      <marc:subfield code="a">ger</marc:subfield>
   </marc:datafield>
   <marc:datafield ind1=" " ind2=" " tag="300">
      <marc:subfield code="a">379 Seiten</marc:subfield>
   </marc:datafield>
</marc:record>
